Open Data Biblioteca Nacional de Portugal


República Portuguesa: Ministério da Cultura
Biblioteca Nacional de Portugal

Catálogo da BNP: acesso por Identificadores Unívocos
Registos Bibliográficos associados ao registo de autoridade

Etiqueta de registo: 00230nam 2200025 450
001 1651478
003 http://id.bnportugal.gov.pt/bib/catbnp/1651478
100 ## $a20070724d2005 k y0pory0103 ba
101 0# $apor$dfre
102 ## $aPT
105 ## $aa m 000yy
106 ## $ar
200 1# $aGiovanni Grossi e a evolução dos estuques decorativos no Portugal Setecentista$bTexto policopiado]$fHélia Cristina Tirano Tomás da Silva$gorient. Fernando Grilo
210 #9 $aLisboa$c[s.n.],$d2005
215 ## $a2 v.$cil.$d30 cm
320 ## $aContém bibliografia
328 #0 $bTese mestr.$cArte, Património e Restauro$eDep. de História, Fac. de Letras, Univ. de Lisboa$d2005
675 ## $a72.04(469.411)"17"(043)$vBN$zpor$31332480
675 ## $a7.071Grossi, Giovanni(043)$vBN$zpor$31332481
675 ## $a698(469.411)"17"(043)$vBN$zpor$31332482
675 ## $a693.6(469.411)"17"(043)$vBN$zpor$31332483
700 #1 $aSilva,$bHélia Cristina Tirano Tomás da$31302656
702 #1 $aGrilo,$bFernando$4727$3776484
712 02 $aUniversidade de Lisboa.$bFaculdade de Letras.$bDepartamento de História$4295$3281147
801 #0 $aPT$bBN$gRPC
966 ## $b001$d1º v.$lBN$mFGMON$sB.A. 27702 V.$x1
966 ## $b001$d2º v.$lBN$mFGMON$sB.A. 27703 V.$x1

Etiqueta de registo: 00000nam 2200025 450
001 2066912
003 http://id.bnportugal.gov.pt/bib/catbnp/2066912
010 ## $a978-989-54599-3-3
021 ## $aPT$b474993/20
100 ## $a20210420d2020 m y0pory01030103ba
101 0# $apor$aeng
102 ## $aPT
105 ## $aa z 000yy
106 ## $ar
200 1# $a A igreja dos Anjos$efeição especialíssima$d The Anjos church in Lisbon$epeerless features$fcoord. Paulo Campos Pinto, Sílvia Ferreira$gtextos Hélia Silva... [et al.]$gfot. Alexandre Salgueiro, José Vicente$zeng
210 #9 $aLisboa$cCentro de Estudos de Comunicação e Cultura da Faculdade de Ciências Humanas da Universidade Católica Portuguesa$cLetras Paralelas,$dcop. 2020
215 ## $a176 p.$cil.$d32 cm
305 ## $aEd. bilingue em português e inglês
510 1# $a The Anjos church in Lisbon$epeerless features$zeng
675 ## $a726.5(469.411)(091)$vBN$zpor$3536692
675 ## $a272-523-9(469.411)$vBN$zpor$31249295
675 ## $a272-526-9(469.411)$vBN$zpor$31698727
702 #1 $95$aPinto,$bPaulo$4340$31174722
702 #1 $aFerreira,$bSílvia,$f1967-$4340$31174240
702 #1 $aSilva,$bHélia Cristina Tirano Tomás da$4070$31302656
702 #1 $aSalgueiro,$bAlexandre$4600$31421250
702 #1 $92$aVicente,$bJosé$4600$31386774
801 #0 $aPT$bBN$gRPC
856 41 $uhttp://rnod.bnportugal.gov.pt/ImagesBN/winlibimg.aspx?skey=&doc=2066912&img=148570&save=true
900 ## $aBIBNAC$d20210428
966 ## $lBN$mFGMON$sB.A. 4790 A.$x1
966 ## $lBN$mFGMON$sB.A. 4790 A.-D $x1

Etiqueta de registo: 00254nam 2200025 450
001 2281622
003 http://id.bnportugal.gov.pt/bib/catbnp/2281622
010 ## $a978-989-9300-01-9
021 ## $aPT$b553912/25
100 ## $a20260318d2025 m d0pory01030103ba
101 0# $apor
102 ## $aPT
105 ## $aa z 000zd
106 ## $ar
200 1# $aRelatos de uma estadia no Porto (1877)$fJúlio de Castilho$gcoord. científica, investigação e notas Tiago Borges Lourenço, Raquel Seixas$gcoord. Hélia Silva, Tiago Borges Lourenço$gtranscrição Tiago Borges Lourenço$gtextos introd. Tiago Borges Lourenço, Raquel Seixas, Maria Leonor Botelho
205 ## $a1ª ed
210 #9 $aLisboa$cInstituto de História da Arte$cGabinete de Estudos Olisiponenses,$d2025
215 ## $a199, [1] p.$cil.$d25 cm
675 ## $a908(469.121)"1877"$vBN$zpor$31995329
675 ## $a821.134.3-94"18/19"$vBN$zpor$3564909
675 ## $a821.134.3-6"18/19"$vBN$zpor$3316649
700 #1 $aCastilho,$bJúlio de,$f1840-1919$341657
702 #1 $aLourenço,$bTiago Borges$4695$31889627
702 #1 $aSilva,$bHélia Cristina Tirano Tomás da$4340$31302656
702 #1 $aSeixas,$bRaquel$4695$31915287
702 #1 $aBotelho,$bMaria Leonor,$f1979-$4080$31121891
801 #0 $aPT$bBN$gRPC
856 41 $uhttp://rnod.bnportugal.gov.pt/ImagesBN/winlibimg.aspx?skey=&doc=2281622&img=221287&save=true
966 ## $lBN$mFGMON$x1
966 ## $lBN$mFGMON$x1
971 ## $cssilva$d20260318
973 ## $cigoulao$d20260410

OpendataBNP@bnportugal.pt | Mais informação sobre acesso aos dados BNP